[Event "14. Obert Int. Sant Marti 2012 - B"]
[Site "Barcelona ESP"]
[Date "2012.07.13"]
[Round "1.1"]
[White "Flores Munoz, Daniel"]
[Black "Castrillo Mansego, Pablo"]
[Result "0-1"]
[WhiteElo "1694"]
[BlackElo "1969"]
[PlyCount "54"]
[EventDate "2012.07.13"]
[EventType "swiss"]
[EventRounds "9"]
[EventCountry "ESP"]
[SourceTitle "Ajedrez en Madrid"]
[Source "lmi"]
[SourceDate "2012.07.13"]
[SourceVersion "1"]
[SourceVersionDate "2019.06.21"]
[SourceQuality "1"]

1. d4 e6 2. e3 d5 3. Bd3 Nf6 4. Nf3 c5 5. c3 Nc6 6. O-O Bd6 7. Nbd2 e5 8. dxe5
Nxe5 9. Nxe5 Bxe5 10. Nf3 Bc7 11. Bb5+ Bd7 12. Bxd7+ Qxd7 13. h3 O-O-O 14. Qc2
g5 15. Nh2 Kb8 16. Qe2 Qd6 17. f4 Ne4 18. Qf3 h5 19. Rd1 g4 20. hxg4 hxg4 21.
Nxg4 Rdg8 22. Nf2 f5 23. Nxe4 fxe4 24. Qf2 Qh6 25. Qf1 Rg3 26. Rxd5 Qh2+ 27.
Kf2 Rf3+ 0-1

[Event "14. Obert Int. Sant Marti 2012 - B"]
[Site "Barcelona ESP"]
[Date "2012.07.13"]
[Round "1.2"]
[White "Gil Gil, Antoni"]
[Black "Serentill Tost, Eduard"]
[Result "1-0"]
[WhiteElo "1969"]
[BlackElo "1690"]
[PlyCount "55"]
[EventDate "2012.07.13"]
[EventType "swiss"]
[EventRounds "9"]
[EventCountry "ESP"]
[SourceTitle "Ajedrez en Madrid"]
[Source "lmi"]
[SourceDate "2012.07.13"]
[SourceVersion "1"]
[SourceVersionDate "2019.06.21"]
[SourceQuality "1"]

1. e4 e6 2. d4 d5 3. e5 c5 4. c3 Qb6 5. dxc5 Bxc5 6. Qc2 Nc6 7. Nf3 Nh6 8. b4
Be7 9. Bd3 Ng4 10. Bf4 Qc7 11. Qe2 f6 12. Bb5 Bd7 13. Bxc6 bxc6 14. O-O fxe5
15. Nxe5 Nxe5 16. Bxe5 Bd6 17. Bxg7 O-O-O 18. Bxh8 Rxh8 19. g3 e5 20. a4 Bh3
21. Rd1 e4 22. b5 h5 23. bxc6 Qxc6 24. Qb5 Qc7 25. Qxd5 Rf8 26. Qxd6 Qf7 27.
Qc5+ Kb8 28. Nd2 1-0

[Event "14. Obert Int. Sant Marti 2012 - B"]
[Site "Barcelona ESP"]
[Date "2012.07.13"]
[Round "1.3"]
[White "Centelles Vivas, Aleix"]
[Black "Barba Rios, Enric"]
[Result "1/2-1/2"]
[WhiteElo "1680"]
[BlackElo "1967"]
[PlyCount "108"]
[EventDate "2012.07.13"]
[EventType "swiss"]
[EventRounds "9"]
[EventCountry "ESP"]
[SourceTitle "Ajedrez en Madrid"]
[Source "lmi"]
[SourceDate "2012.07.13"]
[SourceVersion "1"]
[SourceVersionDate "2019.06.21"]
[SourceQuality "1"]

1. d4 e6 2. e4 d5 3. exd5 exd5 4. Bd3 Bd6 5. Ne2 Ne7 6. O-O O-O 7. c3 Ng6 8.
Nd2 Nd7 9. Re1 c6 10. Nf1 Qb6 11. Qc2 Re8 12. Bd2 c5 13. Ne3 Nf6 14. Bf5 cxd4
15. Nxd4 Bc5 16. Nb3 Bxf5 17. Qxf5 Re5 18. Qc2 Rae8 19. Nxc5 Qxc5 20. Nf5 Rxe1+
21. Rxe1 Rxe1+ 22. Bxe1 Ne4 23. Nd4 Ne5 24. f3 Nf6 25. Bf2 Qc4 26. Qe2 Qxe2 27.
Nxe2 Nc6 28. Nd4 a6 29. Nxc6 bxc6 30. Kf1 Nd7 31. b4 f5 32. Ke2 Kf7 33. Kd3 Ke6
34. Be3 h6 35. h4 Kd6 36. Bf4+ Ke6 37. Kd4 Kf6 38. g3 g5 39. hxg5+ hxg5 40. Bc7
Ke6 41. Bd8 f4 42. Bxg5 fxg3 43. Ke3 Kf5 44. Bh4 g2 45. Kf2 Ne5 46. Kxg2 Nd3
47. Bf2 Nc1 48. a3 Nd3 49. Be3 Ke5 50. Kf1 Nb2 51. Ke2 Nc4 52. a4 Nb2 53. a5
Na4 54. Kd3 Nb2+ 1/2-1/2

[Event "14. Obert Int. Sant Marti 2012 - B"]
[Site "Barcelona ESP"]
[Date "2012.07.13"]
[Round "1.4"]
[White "Perez Garcia, Jose Miguel"]
[Black "Capellades Subirana, Laura"]
[Result "1/2-1/2"]
[WhiteElo "1967"]
[BlackElo "1680"]
[PlyCount "74"]
[EventDate "2012.07.13"]
[EventType "swiss"]
[EventRounds "9"]
[EventCountry "ESP"]
[SourceTitle "Ajedrez en Madrid"]
[Source "lmi"]
[SourceDate "2012.07.13"]
[SourceVersion "1"]
[SourceVersionDate "2019.06.21"]
[SourceQuality "1"]

1. e4 e5 2. Nf3 Nf6 3. d4 Nxe4 4. Bd3 d5 5. Nxe5 Bb4+ 6. c3 Bd6 7. O-O O-O 8.
Re1 c5 9. Bxe4 dxe4 10. Rxe4 Bxe5 11. Rxe5 Nc6 12. Rxc5 Re8 13. Be3 Qf6 14. Nd2
h6 15. Qf3 Qg6 16. Qg3 Qxg3 17. hxg3 Ne7 18. Re1 Be6 19. Rc7 b6 20. a3 Nd5 21.
Rc6 Ne7 22. Rc7 Nd5 23. Rc4 Nxe3 24. Rxe3 Bxc4 25. Nxc4 Rxe3 26. Nxe3 Re8 27.
Kf1 Kf8 28. Ke2 Ke7 29. Kd3 Kd7 30. d5 b5 31. Kd4 Rc8 32. b3 g6 33. c4 bxc4 34.
Nxc4 f6 35. g4 Re8 36. Ne3 Rc8 37. Nc4 Re8 1/2-1/2

[Event "14. Obert Int. Sant Marti 2012 - B"]
[Site "Barcelona ESP"]
[Date "2012.07.13"]
[Round "1.5"]
[White "Romero Gamez, Francisco Javier"]
[Black "Vidal Rius, Enric"]
[Result "0-1"]
[WhiteElo "1665"]
[BlackElo "1955"]
[PlyCount "52"]
[EventDate "2012.07.13"]
[EventType "swiss"]
[EventRounds "9"]
[EventCountry "ESP"]
[SourceTitle "Ajedrez en Madrid"]
[Source "lmi"]
[SourceDate "2012.07.13"]
[SourceVersion "1"]
[SourceVersionDate "2019.06.21"]
[SourceQuality "1"]

1. e4 g6 2. Nf3 Bg7 3. d4 d6 4. Bc4 Nf6 5. O-O Nxe4 6. c3 O-O 7. d5 c6 8. Qb3
Nc5 9. Qd1 cxd5 10. Bxd5 e6 11. Bb3 Nxb3 12. Qxb3 Nc6 13. Bf4 a6 14. Rd1 d5 15.
Nbd2 b5 16. Nf1 Qb6 17. Ne3 Bb7 18. Ng4 Rad8 19. Qc2 d4 20. cxd4 Nxd4 21. Nxd4
Rxd4 22. Be3 Rxd1+ 23. Rxd1 Qc6 24. Qxc6 Bxc6 25. Rd6 Rc8 26. f3 Bxb2 0-1

[Event "14. Obert Int. Sant Marti 2012 - B"]
[Site "Barcelona ESP"]
[Date "2012.07.13"]
[Round "1.7"]
[White "Febrero Perez, Lluis"]
[Black "Moreno Perez, Norberto"]
[Result "0-1"]
[WhiteElo "1665"]
[BlackElo "1952"]
[PlyCount "122"]
[EventDate "2012.07.13"]
[EventType "swiss"]
[EventRounds "9"]
[EventCountry "ESP"]
[SourceTitle "Ajedrez en Madrid"]
[Source "lmi"]
[SourceDate "2012.07.13"]
[SourceVersion "1"]
[SourceVersionDate "2019.06.21"]
[SourceQuality "1"]

1. e4 e5 2. Nf3 d6 3. Bc4 Be7 4. b3 c6 5. Bb2 Bg4 6. h3 Bh5 7. g4 Bg6 8. Qe2
Nf6 9. Nc3 O-O 10. Nh4 Bxe4 11. Nxe4 Nxe4 12. Nf5 Nf6 13. d4 Nbd7 14. O-O-O b5
15. Bd3 Re8 16. dxe5 dxe5 17. Nxe7+ Rxe7 18. g5 Nd5 19. Qe4 g6 20. Bxb5 f5 21.
gxf6 N7xf6 22. Bxc6 Nxe4 23. Bxd5+ Kg7 24. Bxe4 Qc8 25. Bxa8 Qxa8 26. f4 a5 27.
Bxe5+ Kf7 28. a4 Qe4 29. Rh2 Rb7 30. Rhd2 Qe3 31. h4 Ke6 32. Kb2 Qh3 33. Rd6+
Kf5 34. R1d5 Kg4 35. Bf6 Qf1 36. Rxa5 Rb4 37. Rg5+ Kf3 38. Rd3+ Ke2 39. Re5+
Kf2 40. Ree3 Qg1 41. Rf3+ Ke2 42. Rde3+ Qxe3 43. Rxe3+ Kxe3 44. Bg5 Ke4 45. Kc3
Rb8 46. b4 Kd5 47. Kb3 Re8 48. c4+ Kd4 49. Bf6+ Ke4 50. Be5 h6 51. Bg7 h5 52.
Be5 g5 53. hxg5 h4 54. Bd6 h3 55. f5 Re5 56. f6 h2 57. Bxe5 h1=Q 58. f7 Qf3+
59. Bc3 Qxf7 60. b5 Kd3 61. Bf6 Qxc4+ 0-1

[Event "14. Obert Int. Sant Marti 2012 - B"]
[Site "Barcelona ESP"]
[Date "2012.07.13"]
[Round "1.8"]
[White "Aprea, Daniele"]
[Black "Aunes Cabanero, Jose"]
[Result "1-0"]
[WhiteElo "1942"]
[BlackElo "1665"]
[PlyCount "117"]
[EventDate "2012.07.13"]
[EventType "swiss"]
[EventRounds "9"]
[EventCountry "ESP"]
[SourceTitle "Ajedrez en Madrid"]
[Source "lmi"]
[SourceDate "2012.07.13"]
[SourceVersion "1"]
[SourceVersionDate "2019.06.21"]
[SourceQuality "1"]

1. d4 d5 2. Nf3 Nf6 3. c4 c6 4. cxd5 cxd5 5. Nc3 e6 6. Bf4 a6 7. e3 Be7 8. Bd3
Nc6 9. a3 h6 10. h3 Bd7 11. Rc1 Rc8 12. O-O O-O 13. Ne5 Nxe5 14. Bxe5 Ne8 15.
Bb1 f5 16. Ne2 Bf6 17. Kh1 Bb5 18. Bd3 Rxc1 19. Nxc1 Bxe5 20. Bxb5 Bb8 21. Bxe8
Qxe8 22. Nd3 f4 23. Qe2 f3 24. gxf3 Qh5 25. Kg2 Qg5+ 26. Kh1 Qh4 27. Kg2 Rf6
28. Rh1 Rg6+ 29. Kf1 Qg5 30. Ne1 Qf5 31. Qc2 Qxc2 32. Nxc2 e5 33. Ke2 Rb6 34.
b4 Rc6 35. Kd3 e4+ 36. fxe4 dxe4+ 37. Kd2 Bc7 38. Rc1 Bd8 39. Na1 Rxc1 40. Kxc1
Bh4 41. Kd2 Bxf2 42. Nb3 Bg3 43. Nc5 Kf7 44. Nxb7 Bc7 45. Nc5 a5 46. b5 g5 47.
Nxe4 Kg6 48. Ke2 h5 49. Kf2 a4 50. Nc5 Kf5 51. e4+ Kg6 52. Nxa4 g4 53. hxg4
hxg4 54. Kg2 Kf7 55. b6 Bb8 56. Nc5 Ke7 57. Na6 Bf4 58. e5 Kd7 59. b7 1-0

[Event "14. Obert Int. Sant Marti 2012 - B"]
[Site "Barcelona ESP"]
[Date "2012.07.13"]
[Round "1.11"]
[White "Rodriguez Llorens, Jorge"]
[Black "Olvera Anton, A.."]
[Result "1-0"]
[WhiteElo "1662"]
[BlackElo "1937"]
[PlyCount "55"]
[EventDate "2012.07.13"]
[EventType "swiss"]
[EventRounds "9"]
[EventCountry "ESP"]
[SourceTitle "Ajedrez en Madrid"]
[Source "lmi"]
[SourceDate "2012.07.13"]
[SourceVersion "1"]
[SourceVersionDate "2019.06.21"]
[SourceQuality "1"]

1. e4 c5 2. Nf3 Nc6 3. d4 cxd4 4. Nxd4 Nf6 5. Nc3 g6 6. Be3 Bg7 7. Bc4 O-O 8.
Bb3 d6 9. f3 Bd7 10. Qd2 Rc8 11. g4 Ne5 12. h4 Nc4 13. Bxc4 Rxc4 14. h5 Qa5 15.
hxg6 fxg6 16. Nb3 Qc7 17. O-O-O Rc8 18. Bh6 Bh8 19. Bg5 b5 20. Bxf6 Bxf6 21.
Qd5+ Kg7 22. Rxh7+ Kxh7 23. Qf7+ Kh6 24. Rh1+ Kg5 25. f4+ Kxf4 26. Nd5+ Kxe4
27. Nxc7 R8xc7 28. Nd2+ 1-0

[Event "14. Obert Int. Sant Marti 2012 - B"]
[Site "Barcelona ESP"]
[Date "2012.07.13"]
[Round "1.12"]
[White "Corominas Garrido, Jordi"]
[Black "Sanchez Coves, Juan Josep"]
[Result "1-0"]
[WhiteElo "1933"]
[BlackElo "1656"]
[PlyCount "83"]
[EventDate "2012.07.13"]
[EventType "swiss"]
[EventRounds "9"]
[EventCountry "ESP"]
[SourceTitle "Ajedrez en Madrid"]
[Source "lmi"]
[SourceDate "2012.07.13"]
[SourceVersion "1"]
[SourceVersionDate "2019.06.21"]
[SourceQuality "1"]

1. c4 e5 2. Nc3 Nf6 3. g3 g6 4. Bg2 Bg7 5. e3 d6 6. d4 Nbd7 7. Nge2 O-O 8. O-O
Rb8 9. Rb1 b6 10. b4 Bb7 11. d5 Ba6 12. Qb3 Re8 13. e4 Bb7 14. Nb5 a6 15. Na7
Ra8 16. Nc6 Bxc6 17. dxc6 Nf8 18. f3 Ne6 19. Be3 Nh5 20. Bh3 Qe7 21. Nc3 Nf6
22. Bxe6 Qxe6 23. Kg2 b5 24. Nd5 bxc4 25. Qxc4 Reb8 26. a4 Ne8 27. Rfc1 Kh8 28.
b5 axb5 29. axb5 f5 30. Nb6 Qxc4 31. Nxc4 f4 32. gxf4 exf4 33. Bxf4 Bd4 34. Be3
Bxe3 35. Nxe3 Ra5 36. b6 cxb6 37. c7 Rc8 38. Rxb6 Rxc7 39. Rxc7 Nxc7 40. Rb8+
Kg7 41. Rb7 Rc5 42. Nd5 1-0

[Event "14. Obert Int. Sant Marti 2012 - B"]
[Site "Barcelona ESP"]
[Date "2012.07.14"]
[Round "2.1"]
[White "Castrillo Mansego, Pablo"]
[Black "Rodriguez Martin, Manuel Maria"]
[Result "1-0"]
[WhiteElo "1969"]
[BlackElo "1817"]
[PlyCount "106"]
[EventDate "2012.07.13"]
[EventType "swiss"]
[EventRounds "9"]
[EventCountry "ESP"]
[SourceTitle "Ajedrez en Madrid"]
[Source "lmi"]
[SourceDate "2012.07.13"]
[SourceVersion "1"]
[SourceVersionDate "2019.06.21"]
[SourceQuality "1"]

1. e4 e5 2. Nf3 Nc6 3. d4 exd4 4. Nxd4 Bc5 5. Be3 Qf6 6. c3 Nge7 7. Be2 d6 8.
O-O O-O 9. Nb5 Bb6 10. Bxb6 cxb6 11. Qxd6 Be6 12. Qg3 Qe5 13. Qxe5 Nxe5 14. Nc7
Rad8 15. Nxe6 fxe6 16. f4 Nd3 17. Bxd3 Rxd3 18. g3 Rfd8 19. Na3 a6 20. Rae1 b5
21. Nc2 Nc6 22. Re3 Rxe3 23. Nxe3 Rd2 24. Rf2 Rd3 25. Re2 b4 26. cxb4 Nd4 27.
Kf2 Nxe2 28. Kxe2 Rd4 29. Nc2 Rc4 30. Kd3 Rc7 31. e5 Rd7+ 32. Nd4 g6 33. Kc3
Rc7+ 34. Kb3 Kf7 35. b5 axb5 36. Nxb5 Rc6 37. a4 Ke7 38. a5 Kd7 39. Nd6 Rc5 40.
Kb4 Kc6 41. b3 Rc2 42. h4 Rg2 43. Ne4 Re2 44. Ng5 Re3 45. Nxe6 Rxg3 46. Ka4 Rg4
47. b4 Rxh4 48. Nd8+ Kc7 49. Ne6+ Kd7 50. Nc5+ Kc6 51. e6 Rxf4 52. e7 b5+ 53.
axb6 Kxb6 1-0

[Event "14. Obert Int. Sant Marti 2012 - B"]
[Site "Barcelona ESP"]
[Date "2012.07.14"]
[Round "2.2"]
[White "Gonzalez Garcia, Sergi"]
[Black "Gil Gil, Antoni"]
[Result "1-0"]
[WhiteElo "1810"]
[BlackElo "1969"]
[PlyCount "95"]
[EventDate "2012.07.13"]
[EventType "swiss"]
[EventRounds "9"]
[EventCountry "ESP"]
[SourceTitle "Ajedrez en Madrid"]
[Source "lmi"]
[SourceDate "2012.07.13"]
[SourceVersion "1"]
[SourceVersionDate "2019.06.21"]
[SourceQuality "1"]

1. e4 d5 2. exd5 Nf6 3. d4 Qxd5 4. Nc3 Qd8 5. Nf3 e6 6. Be2 b6 7. O-O Bb7 8.
Bf4 a6 9. h3 h6 10. Re1 g5 11. Bg3 g4 12. hxg4 Nxg4 13. Ne5 Nxe5 14. Bxe5 Rg8
15. Bf3 Nc6 16. Ne4 Bg7 17. Bxg7 Rxg7 18. d5 Ne5 19. dxe6 Qxd1 20. exf7+ Kxf7
21. Bxd1 Rag8 22. Ng3 Rg5 23. c3 h5 24. Bb3+ Kf8 25. Bxg8 Kxg8 26. Kf1 h4 27.
Ne4 Rf5 28. Rad1 a5 29. b3 Ba6+ 30. c4 b5 31. Nc5 bxc4 32. Rd8+ Kf7 33. Nxa6 c3
34. Rc1 Ng4 35. Rxc3 Rxf2+ 36. Kg1 Rxa2 37. Rxc7+ Kf6 38. Rc1 Ne3 39. Rf8+ Kg5
40. Rf2 Ra3 41. Nc5 Ng4 42. Ne4+ Kg6 43. Rc6+ Kg7 44. Rfc2 Rxb3 45. Nd2 Re3 46.
Nf3 a4 47. R6c4 a3 48. Rxg4+ 1-0

[Event "14. Obert Int. Sant Marti 2012 - B"]
[Site "Barcelona ESP"]
[Date "2012.07.14"]
[Round "2.3"]
[White "Vidal Rius, Enric"]
[Black "Beaskoa Estany, Gabriel"]
[Result "0-1"]
[WhiteElo "1955"]
[BlackElo "1809"]
[PlyCount "50"]
[EventDate "2012.07.13"]
[EventType "swiss"]
[EventRounds "9"]
[EventCountry "ESP"]
[SourceTitle "Ajedrez en Madrid"]
[Source "lmi"]
[SourceDate "2012.07.13"]
[SourceVersion "1"]
[SourceVersionDate "2019.06.21"]
[SourceQuality "1"]

1. b3 e5 2. Bb2 Nc6 3. e3 Nf6 4. Bb5 d6 5. Nf3 Bg4 6. h3 Bh5 7. g4 Bg6 8. d4 e4
9. Nh4 a6 10. Bxc6+ bxc6 11. c4 d5 12. a3 Qd7 13. Nd2 Be7 14. Qe2 O-O 15. Nxg6
fxg6 16. O-O Qe6 17. f3 exf3 18. Rxf3 Ne4 19. Raf1 Rxf3 20. Rxf3 Ng5 21. Rf1
Nxh3+ 22. Kg2 Ng5 23. e4 dxe4 24. Re1 e3 25. Nf1 Qe4+ 0-1

[Event "14. Obert Int. Sant Marti 2012 - B"]
[Site "Barcelona ESP"]
[Date "2012.07.14"]
[Round "2.4"]
[White "Moreno Perez, Norberto"]
[Black "Liarte Genoves, Sergi"]
[Result "0-1"]
[WhiteElo "1952"]
[BlackElo "1799"]
[PlyCount "194"]
[EventDate "2012.07.13"]
[EventType "swiss"]
[EventRounds "9"]
[EventCountry "ESP"]
[SourceTitle "Ajedrez en Madrid"]
[Source "lmi"]
[SourceDate "2012.07.13"]
[SourceVersion "1"]
[SourceVersionDate "2019.06.21"]
[SourceQuality "1"]

1. e4 c5 2. Nf3 d6 3. Bc4 Nc6 4. c3 Nf6 5. d3 e6 6. a3 Be7 7. Be3 O-O 8. Ba2 b5
9. Nbd2 a5 10. O-O Ba6 11. Re1 b4 12. Nf1 Qb8 13. Qd2 c4 14. dxc4 Nxe4 15. Qc2
Nc5 16. Bb1 g6 17. Bxc5 dxc5 18. Qe4 Qc7 19. Ng3 Bf6 20. Qe3 bxc3 21. bxc3 Rac8
22. Nh5 Bg7 23. Nxg7 Kxg7 24. Qxc5 Qe7 25. Qe3 Bxc4 26. Be4 a4 27. Rec1 Bb3 28.
h4 h5 29. c4 Qf6 30. c5 Ne5 31. Nxe5 Qxe5 32. Bb7 Qxe3 33. fxe3 Rc7 34. c6 Bd5
35. Rab1 Rb8 36. Kf2 Bxc6 37. Bxc6 Rxb1 38. Rxb1 Rxc6 39. Rb4 Ra6 40. Ke2 Ra7
41. Kd3 Kf6 42. Kc4 Rc7+ 43. Kd3 Rd7+ 44. Kc3 Ra7 45. g4 hxg4 46. Rxg4 Ke5 47.
Kb4 Rc7 48. Kxa4 f5 49. Rb4 Rc3 50. Rb3 Rc4+ 51. Rb4 Rg4 52. Kb3 Rg3 53. a4
Rxe3+ 54. Kc2 Re4 55. Rb5+ Kd6 56. Ra5 Rxh4 57. Ra8 Kc7 58. a5 Kb7 59. Rg8 Rg4
60. Re8 Ka6 61. Ra8+ Kb5 62. a6 Kb6 63. Rd8 Re4 64. Rg8 Ka7 65. Rxg6 Kxa6 66.
Kd3 Kb5 67. Rg8 Kc5 68. Rd8 Re1 69. Kd2 Re5 70. Ra8 Kd5 71. Ra4 Re4 72. Ra5+
Kd4 73. Rb5 Kc4 74. Ra5 Kb4 75. Ra8 e5 76. Kd3 Re1 77. Kd2 Rg1 78. Rf8 Rg5 79.
Rc8 e4 80. Ke2 f4 81. Re8 e3 82. Kf3 Rf5 83. Rc8 Rc5 84. Rb8+ Kc3 85. Rd8 Rc4
86. Rd7 Rd4 87. Ra7 Kd2 88. Ra2+ Ke1 89. Ra1+ Kd2 90. Ra2+ Kc1 91. Ra1+ Kb2 92.
Re1 Rc4 93. Rh1 Rc1 94. Rh8 Rf1+ 95. Ke2 Rf2+ 96. Ke1 Kc2 97. Re8 Kd3 0-1

[Event "14. Obert Int. Sant Marti 2012 - B"]
[Site "Barcelona ESP"]
[Date "2012.07.14"]
[Round "2.5"]
[White "Domenche Redondo, Francesc"]
[Black "Aprea, Daniele"]
[Result "1/2-1/2"]
[WhiteElo "1795"]
[BlackElo "1942"]
[PlyCount "57"]
[EventDate "2012.07.13"]
[EventType "swiss"]
[EventRounds "9"]
[EventCountry "ESP"]
[SourceTitle "Ajedrez en Madrid"]
[Source "lmi"]
[SourceDate "2012.07.13"]
[SourceVersion "1"]
[SourceVersionDate "2019.06.21"]
[SourceQuality "1"]

1. d4 Nf6 2. Nf3 g6 3. c4 Bg7 4. Nc3 O-O 5. e4 d6 6. Be2 Nbd7 7. O-O e5 8. dxe5
dxe5 9. Bg5 c6 10. h3 Qb6 11. Qc2 Nh5 12. Be3 Qc7 13. Qd2 Nf4 14. Rad1 Nf6 15.
Rfe1 Nxe2+ 16. Qxe2 Be6 17. Ng5 Bd7 18. Nf3 Rad8 19. Bc5 Rfe8 20. Bd6 Qa5 21.
a3 Bf8 22. Bxf8 Kxf8 23. Qe3 Kg7 24. Ne2 Qc7 25. Ng3 h6 26. Qc5 Re6 27. Rd2 b6
28. Qe3 c5 29. Red1 1/2-1/2

[Event "14. Obert Int. Sant Marti 2012 - B"]
[Site "Barcelona ESP"]
[Date "2012.07.14"]
[Round "2.6"]
[White "Gisbert Mir, Alejandro"]
[Black "Corominas Garrido, Jordi"]
[Result "1-0"]
[WhiteElo "1788"]
[BlackElo "1933"]
[PlyCount "105"]
[EventDate "2012.07.13"]
[EventType "swiss"]
[EventRounds "9"]
[EventCountry "ESP"]
[SourceTitle "Ajedrez en Madrid"]
[Source "lmi"]
[SourceDate "2012.07.13"]
[SourceVersion "1"]
[SourceVersionDate "2019.06.21"]
[SourceQuality "1"]

1. d4 e6 2. c4 f5 3. g3 Nf6 4. Bg2 d5 5. Nf3 c6 6. O-O Bd6 7. b3 Qe7 8. Ne5 O-O
9. Bb2 b6 10. cxd5 exd5 11. Qc2 c5 12. Nc4 Ne4 13. Nxd6 Qxd6 14. f3 Ng5 15.
dxc5 bxc5 16. f4 Ne4 17. Nc3 Bb7 18. Rfd1 Qb6 19. Na4 Qc7 20. Bxe4 dxe4 21.
Qxc5 Qxc5+ 22. Nxc5 Ba6 23. Nxa6 Nxa6 24. Rd7 Rf7 25. Rad1 Raf8 26. Rxf7 Rxf7
27. Rd8+ Rf8 28. Rxf8+ Kxf8 29. Bd4 Kf7 30. Bxa7 Ke6 31. Kf2 Kd5 32. a3 Nc7 33.
a4 Na6 34. e3 h5 35. h3 g6 36. Bd4 Nb4 37. Ke2 Nd3 38. Kd2 Nf2 39. h4 Nd3 40.
Kc3 Nc1 41. Kb4 Ne2 42. Bc5 Nc1 43. Bb6 Kc6 44. a5 Nd3+ 45. Kc4 Nb2+ 46. Kd4
Nd3 47. Bd8 Kb5 48. Kd5 Nc1 49. Ke6 Ne2 50. Kf6 Nxg3 51. Kxg6 Ka6 52. b4 Kb5
53. Bf6 1-0

[Event "14. Obert Int. Sant Marti 2012 - B"]
[Site "Barcelona ESP"]
[Date "2012.07.14"]
[Round "2.7"]
[White "Santolaria Pena, M.."]
[Black "Benet Saniger, Xavier"]
[Result "1-0"]
[WhiteElo "1931"]
[BlackElo "1795"]
[PlyCount "115"]
[EventDate "2012.07.13"]
[EventType "swiss"]
[EventRounds "9"]
[EventCountry "ESP"]
[SourceTitle "Ajedrez en Madrid"]
[Source "lmi"]
[SourceDate "2012.07.13"]
[SourceVersion "1"]
[SourceVersionDate "2019.06.21"]
[SourceQuality "1"]

1. d4 Nf6 2. Nf3 d5 3. e3 c5 4. c3 cxd4 5. exd4 e6 6. Bd3 Bd6 7. Nbd2 Qc7 8.
Qe2 Nbd7 9. O-O O-O 10. Re1 a6 11. Ne5 b5 12. Ndf3 Bb7 13. Nxd7 Qxd7 14. Ne5
Qc7 15. f3 Rae8 16. a4 bxa4 17. Rxa4 Nd7 18. g3 Nb6 19. Ra1 f6 20. Ng4 Nc4 21.
Qc2 g6 22. Bh6 Rf7 23. Be3 Nxe3 24. Rxe3 Kg7 25. Rae1 Rfe7 26. Qd2 h5 27. Nf2
e5 28. Qc2 f5 29. dxe5 Rxe5 30. Rxe5 Rxe5 31. Rxe5 Bxe5 32. Qe2 a5 33. f4 Bf6
34. Bb5 Qc5 35. Kf1 Qe7 36. Qxe7+ Bxe7 37. Ke2 Bf6 38. Nd3 Kf7 39. Nc5 Bc8 40.
Kd3 h4 41. Bc6 Ke7 42. Nb3 Kd6 43. Be8 hxg3 44. hxg3 Bd8 45. Bxg6 Bb6 46. Nd4
Ba6+ 47. Ke3 Bc8 48. Kf3 Bxd4 49. cxd4 a4 50. Be8 Kc7 51. Bxa4 Kb6 52. b4 Kc7
53. Be8 Be6 54. Bh5 Kb6 55. g4 Kb5 56. gxf5 Bg8 57. f6 Kxb4 58. f7 1-0

[Event "14. Obert Int. Sant Marti 2012 - B"]
[Site "Barcelona ESP"]
[Date "2012.07.14"]
[Round "2.8"]
[White "Corominas Garrido, Antonio"]
[Black "Gonzalez Martin, Fernando"]
[Result "1/2-1/2"]
[WhiteElo "1784"]
[BlackElo "1925"]
[PlyCount "51"]
[EventDate "2012.07.13"]
[EventType "swiss"]
[EventRounds "9"]
[EventCountry "ESP"]
[SourceTitle "Ajedrez en Madrid"]
[Source "lmi"]
[SourceDate "2012.07.13"]
[SourceVersion "1"]
[SourceVersionDate "2019.06.21"]
[SourceQuality "1"]

1. c4 Nf6 2. Nc3 c5 3. g3 Nc6 4. Bg2 b6 5. d3 Bb7 6. Nf3 e6 7. O-O Be7 8. b3
O-O 9. Bb2 d5 10. cxd5 Nxd5 11. Nxd5 exd5 12. d4 Bf6 13. e3 Ba6 14. Re1 Re8 15.
Qd2 c4 16. Bf1 b5 17. Bc3 Rb8 18. b4 Bc8 19. Qc2 Qe7 20. a3 g6 21. Nd2 Bf5 22.
Qb2 h5 23. Bg2 Be4 24. f3 Bd3 25. e4 dxe4 26. fxe4 1/2-1/2

[Event "14. Obert Int. Sant Marti 2012 - B"]
[Site "Barcelona ESP"]
[Date "2012.07.14"]
[Round "2.10"]
[White "Esteban Lupianez, Jose Miguel"]
[Black "Pariente Lopez, Eduard"]
[Result "0-1"]
[WhiteElo "1807"]
[BlackElo "1979"]
[PlyCount "61"]
[EventDate "2012.07.13"]
[EventType "swiss"]
[EventRounds "9"]
[EventCountry "ESP"]
[SourceTitle "Ajedrez en Madrid"]
[Source "lmi"]
[SourceDate "2012.07.13"]
[SourceVersion "1"]
[SourceVersionDate "2019.06.21"]
[SourceQuality "1"]

1. e4 e6 2. d4 d5 3. e5 c5 4. c3 Nc6 5. Bb5 Bd7 6. Bxc6 Bxc6 7. Ne2 Ne7 8. Nd2
Nf5 9. Nf3 Be7 10. O-O O-O 11. Ng3 Nxg3 12. fxg3 Rc8 13. h4 h6 14. Nh2 f5 15.
Nf3 Qe8 16. Bf4 Qh5 17. Nd2 Qf7 18. Nb3 cxd4 19. cxd4 Ba4 20. Qf3 Bxb3 21. Qxb3
Bd8 22. Be3 Bb6 23. a4 Rc4 24. Rfd1 Qc7 25. Rac1 Rc8 26. Qb5 Bxd4 27. Rxd4
Rxc1+ 28. Bxc1 Qxc1+ 29. Kh2 Qe1 30. Qd7 Rc1 31. g4 0-1

[Event "14. Obert Int. Sant Marti 2012 - B"]
[Site "Barcelona ESP"]
[Date "2012.07.14"]
[Round "2.11"]
[White "Garcia Lopez, Nicolas"]
[Black "Subirana Santos, Marc"]
[Result "1-0"]
[WhiteElo "1924"]
[BlackElo "1784"]
[PlyCount "95"]
[EventDate "2012.07.13"]
[EventType "swiss"]
[EventRounds "9"]
[EventCountry "ESP"]
[SourceTitle "Ajedrez en Madrid"]
[Source "lmi"]
[SourceDate "2012.07.13"]
[SourceVersion "1"]
[SourceVersionDate "2019.06.21"]
[SourceQuality "1"]

1. e4 e6 2. d4 d5 3. Nc3 dxe4 4. Nxe4 Bd7 5. Nf3 Bc6 6. Ned2 Nf6 7. b3 b6 8.
Bb2 Be7 9. Bd3 O-O 10. O-O Nbd7 11. Nc4 Bb7 12. Nfe5 c5 13. Nxd7 Qxd7 14. dxc5
Qd5 15. Ne3 Qxc5 16. Qe2 Qh5 17. f3 Rad8 18. Rad1 Qc5 19. Kh1 Nd5 20. Bd4 Qc7
21. Nc4 Nf4 22. Be5 Nxe2 23. Bxc7 Nc3 24. Bxd8 Rxd8 25. Rde1 g6 26. Ne5 h5 27.
a4 Nd5 28. Nc4 Bb4 29. Ra1 Nf4 30. Rad1 h4 31. Be4 Rb8 32. Bxb7 Rxb7 33. Rd8+
Kg7 34. Rfd1 h3 35. gxh3 b5 36. axb5 Rxb5 37. R8d7 Nxh3 38. Kg2 Nf4+ 39. Kg3
Nh5+ 40. Kf2 Nf4 41. Nd6 Bc5+ 42. Kf1 Bxd6 43. R1xd6 Rh5 44. Rxa7 Rxh2 45. Rdd7
g5 46. Rxf7+ Kg6 47. Rg7+ Kf6 48. Raf7+ 1-0